000 00716nam a22002177a 4500
003 OSt
005 20260126090745.0
008 260126b |||||||| |||| 00| 0 eng d
020 _a13 : 978-007-125409-0.
040 _aDWCL-Main lib
_cOC
082 _212th edition., International
_aCirc. 657 An628a 2007
100 _aRobert N. Anthony
245 _aAccounting :
_btext and cases
_cRobert N. Anthony
260 _aSingapore :
_bMc-Graw-Hill Education (Asia),
_cc2007.
300 _axxvi, 933 pages :
_billustration ;
_c25 cm.
504 _aIncludes indexes.
650 _a1. Accounting.
700 _aDavid F. Hawkins
700 _aKenneth A. Merchant
942 _2ddc
_cBK-CIRC
_e12th ed., International
_kCirc.
_n0
999 _c7845
_d7845